[Event "Kalamaria op 7th"]
[Site "Kalamaria"]
[Date "2010.08.30"]
[Round "7"]
[White "Atalik, Suat"]
[Black "Mastrovasilis, Dimitrios"]
[Result "1/2-1/2"]
[WhiteElo "2607"]
[BlackElo "2588"]
[Annotator "Atalik,S"]
[PlyCount "62"]
[EventDate "2010.08.25"]
[EventType "swiss"]
[EventRounds "9"]
[EventCountry "GRE"]
[SourceTitle "CBM 138 Extra"]
[Source "ChessBase"]
[SourceDate "2010.10.29"]
[SourceVersion "1"]
[SourceVersionDate "2010.10.29"]
[SourceQuality "1"]

1. d4 d5 2. c4 c6 3. Nf3 Nf6 4. Nc3 dxc4 5. a4 Bf5 6. Ne5 {This approach is
too direct and possibly leads to no advantage in many lines.} (6. e3 {I should
devote more attention to the quieter line.} e6 7. Bxc4 Bb4 8. O-O O-O (8...
Nbd7 9. Qe2 Bg6 (9... Bg4 10. h3 Bh5 (10... Bxf3 {This is the move I do not
like but it is seen frequently in the highest circles.} 11. Qxf3 O-O 12. Rd1
Rc8 13. e4 e5 14. Be3 Qe7 (14... Qa5 15. Ne2) 15. d5 Nb6 16. Bb3 cxd5 17. Nxd5
Nbxd5 18. Bxd5 Nxd5 19. Rxd5 Bc5 20. Rad1 Bxe3 21. Qxe3 b6 $11) 11. Rd1 O-O (
11... Qa5 12. e4 Bxc3 $2 13. bxc3 Qxc3 14. Bb2 Bxf3 15. gxf3 Qa5 16. d5 $40)
12. e4 Qe7 (12... h6 13. e5 Nd5 14. Nxd5 cxd5 15. Bd3 $13) (12... Qc7 13. e5 (
13. g4 Bg6 14. Nh4) 13... Nd5 14. Nxd5 cxd5 15. Bd3 $14) (12... Qa5 13. e5 Nd5
14. Nxd5 cxd5 15. Bd3 Bg6 16. Bxg6 hxg6 $13) (12... Re8 13. Bf4 Qa5 14. e5 Nd5
15. Nxd5 cxd5 16. Bb5 Qd8 17. Qe3 $40) 13. g4 (13. e5 Nd5 14. Nxd5 cxd5 15. Bd3
Rfc8 16. g4 Bg6) 13... Bg6 14. Nh4 e5 15. g5 Nh5 16. Nf5 Qe8 17. Be3 $13) (9...
Ne4 10. Bd3 Ndc5 11. Bc2 Bxc3 12. bxc3 Nxc3 13. Qe1 N5e4 14. Ba3 $44) 10. e4
Bxc3 11. bxc3 Nxe4 12. Ba3 Qc7 13. Rfc1 O-O-O 14. a5 Rhe8 (14... Kb8 15. Be7
Rde8 16. Bh4 $44) 15. Nh4 Nd6 16. Nxg6 hxg6 17. Bb3 Rh8 18. h3 Rh5 19. Bd1 Nf6
20. a6 b6 21. Rcb1 $44) 9. Qe2 Nbd7 (9... Bg4 10. h3 Bh5 11. Rd1 Qe7 12. e4 h6
$5 13. Bf4 Nbd7 14. Bb3 $5 (14. e5 Nd5 15. Nxd5 cxd5 16. Bd3 Rfc8 $132)) (9...
Ne4 10. Ne5 $5 Nd7 11. Nxd7 Qxd7 12. Na2 Ba5 13. b4 Bc7 14. f3 Nd6 15. Bb3 Bg6
16. e4 $13) (9... Bg6 10. Ne5 Nbd7 11. Nxg6 hxg6 12. Rd1 Qa5 13. Na2 $5 Qxa4 (
13... Bd6 14. e4 e5 15. dxe5 Qxe5 16. f4 Bc5+ 17. Kh1 Qe7 18. e5 $16) 14. e4
Qa5 15. e5 Nd5 16. h4 $1 {A great idea by Gomez Esteban.} Rfe8 17. Rd3 $44) 10.
e4 Bg6 11. Bd3 Bh5 (11... h6 12. Bf4 Re8 13. h3 a6 14. Rfd1 Rc8 15. Rac1 Qa5
16. Nd2 b5 17. Nb3 Qb6 18. axb5 cxb5 19. e5 Nd5 20. Nxd5 exd5 21. Rxc8 Rxc8 22.
e6 Re8 23. exf7+ Bxf7 24. Qf3 $13) 12. e5 Nd5 13. Nxd5 cxd5 14. Qe3 Be7 (14...
Bg6 15. Ng5 Re8 16. f4 Bxd3 17. Qxd3 f5 18. Qb5 $5 $13) (14... h6 15. Ne1 Bxe1
16. Rxe1 Bg6 17. Be2 Nb8 18. Bd2 Nc6 19. a5 a6 20. Rec1 $14) (14... Re8 15. Ng5
Bg6 16. Bxg6 fxg6 17. Qh3 Nf8 18. Qb3 Qb6 19. Be3 $14) 15. Ng5 Bxg5 16. Qxg5
Qxg5 17. Bxg5 Bg6 18. Be2 Nb8 19. a5 Nc6 20. Be3 $14) 6... e6 (6... Nd5 7. Nxc4
Nd7 (7... e6 8. f3 Bb4 9. Bd2 $1 Qh4+ 10. g3 Qxd4 11. e4 Nxc3 12. bxc3 Bxc3 13.
Ra2 Bxe4 14. Qc1 $1 Bxf3 15. Bxc3 Qe4+ 16. Kf2 $18 {is an overcomputerised
line.})) (6... c5 7. e3 $14) (6... Na6 7. e3 $1 Nb4 8. Bxc4 e6 9. O-O Bc2 (9...
Be7 10. Qe2 Bc2 $14) (9... Bd6 10. Qe2 Nc2 {The Dizdarevic line became sort of
critical.} 11. Rb1 (11. Ra2 Nb4 12. Ra3 Bg6 $14) 11... Bxe5 (11... Nd5 12. Bxd5
exd5 13. g4 $16) 12. dxe5 Ng4 13. e4 (13. Ne4 Bxe4 14. Qxg4 Bg6 $13) 13... Nd4
14. Qd3 Nxe5 15. Qg3 Nxc4 16. Qxg7 Rf8 17. b3 Qd6 18. bxc4 O-O-O 19. exf5 Nf3+
20. gxf3 Rg8 21. Qg3 Rxg3+ 22. hxg3 $18 {Why should not this win?}) 10. Qe2 Nd7
11. Nxd7 Qxd7 12. e4 Qxd4 13. Be3 Qd7 14. Rac1 Bd3 15. Bxd3 Qxd3 16. Qf3 $32) (
6... Nbd7 {The other move which is really popular these days.} 7. Nxc4 Qc7 (
7... Nd5 8. Nxd5 cxd5 9. Ne3 Be6 10. g4 $5 $40 {I am really surprised that my
creation did not find any followers.}) (7... Nb6 8. Ne5 a5 9. e3 $5 Nbd7 (9...
g6 10. Bd3 Bxd3 11. Nxd3 Nbd5 12. Qb3 Qb6 13. Qxb6 Nxb6 14. Ke2 Bg7 15. b3 O-O
16. Bd2 $14) (9... h6 10. Bd3 Bxd3 11. Nxd3 e6 12. Qb3 Be7 13. O-O O-O 14. Rd1
Nbd5 (14... Nfd5 15. e4 Nb4 16. Be3 $14) 15. Bd2 Qb6 16. Qxb6 Nxb6 17. b3 $14)
10. Qb3 Nxe5 11. dxe5 Nd7 12. e4 Be6 13. Qxb7 Nxe5 (13... Rb8 14. Qa7 Nxe5 15.
f4 Nd7 16. f5 Bb3 17. Bf4 Ra8 18. Qb7 e5 19. fxe6 Bxe6 20. Bc7 Qc8 21. Qxc8+
Rxc8 22. Bxa5 Bd6 $44) 14. f4 (14. Bf4 Rb8 15. Qa6 Ra8 $11) 14... Rb8 15. Qa7
Nd7 16. f5 Ra8 17. Qf2 Bb3 18. Ra3 Rb8 19. Bb5 cxb5 20. Rxb3 bxa4 21. Rxb8 Qxb8
22. O-O $44) 8. g3 e5 9. dxe5 Nxe5 10. Bf4 Nfd7 (10... Rd8 11. Qc1 Bd6 12.
Nxd6+ Qxd6 13. Bg2 Qe7 (13... Qe6 14. O-O O-O 15. Qe3 Ng6 16. Qxe6 Bxe6 17. Bg5
$14) (13... O-O 14. O-O Rfe8 15. a5 a6 16. e4 Bg6 17. Rd1 Qe7 18. Bxe5 Qxe5 19.
Rxd8 Rxd8 20. Qe3 Rd4 21. h3 $13) 14. O-O a5 15. Qe3 Nc4 16. Qxe7+ Kxe7 17. e4
Be6 18. Rfe1 h6 19. b3 Nd2 20. Nd5+ cxd5 21. Bxd2 $14) 11. Bg2 f6 (11... g5 12.
Bxe5 $5 Nxe5 13. Qd4 f6 14. Ne3 (14. O-O-O $5 Rd8 15. Qe3 Be7 16. Rxd8+ Kxd8
17. Rd1+ Kc8 18. Nxe5 Qxe5 19. Qxa7 Ba3 20. Qd4 Qxd4 21. Rxd4 Bc5 22. Rd2 $11)
14... Be6 (14... Bg6 15. a5 a6 16. Ne4 $14) 15. O-O-O (15. a5 a6 16. O-O Rd8
17. Qa4 Nd7 18. Qc2 $14) 15... Qb6 16. Qe4 Bc5 17. Nf5 Kf7 $13) (11... Be6 12.
Nxe5 Nxe5 13. O-O f6 14. Qc2 O-O-O $5 15. Rfd1 Bb4 $13) (11... Rd8 12. Qc1 f6
13. O-O Be6 14. Nxe5 Nxe5 15. a5 a6 16. Ne4 Bb4 17. Nc5 $14) 12. O-O Nc5 (12...
O-O-O 13. Qc1 (13. Nxe5 Nxe5 14. Qb3 Qf7 15. Qxf7 Nxf7 16. Rfc1 Bd6 17. Bxd6
Rxd6 18. b4 $13) (13. Rc1 Nc5 14. Qe1 a5 15. Nxe5 fxe5 16. Be3 Nb3 17. Nb5 Bb4
18. Nxc7 Bxe1 19. Rcxe1 Kxc7 20. f4 Nd2 $132) (13. Ne3 Be6 (13... Bg6 14. Rc1)
14. Ncd5 Qa5 $132) 13... Nc5 14. Bxe5 fxe5 15. Qe3 Nb3 16. Rad1 Bc5 17. Qxe5
Qxe5 18. Nxe5 Rhe8 19. Rxd8+ Rxd8 20. e4 Be6 21. Rd1 $13) 13. Ne3 Bg6 (13...
Rd8 14. Ncd5 Qd7 15. b4 cxd5 16. Nxf5 Qxf5 17. bxc5 Bxc5 18. Qb3 $14) (13...
Be6 14. b4 Rd8 15. Qb1 Na6 16. b5 Nb4 17. bxc6 bxc6 18. Nc2 a5 19. Rc1 $16) 14.
b4 Ne6 15. Qb3 Bf7 16. Qb1 Nxf4 17. gxf4 Ng6 18. b5 Qxf4 19. Rd1 Bd6 20. Rxd6
Qxd6 21. bxc6 bxc6 22. Nb5 Qd7 23. Qb4 Ne7 24. Rd1 Bd5 25. Nxd5 cxd5 26. Bxd5
Nxd5 27. Rxd5 Qe7 28. Nd6+ Kf8 $13) 7. f3 c5 (7... Bb4 {This was the most
challenging line for some time.} 8. Nxc4 $5 O-O (8... c5 $2 9. dxc5 Qxd1+ 10.
Kxd1 Bxc5 11. e4 Bg6 12. Nb5 Na6 13. Nbd6+ $18 (13. Ncd6+ $18)) (8... Nd5 $2 9.
Bd2 Qh4+ 10. g3 Qxd4 11. e4 Nxc3 12. bxc3 Bxc3 13. Ra2 Bxe4 14. Qc1 $18 {
is known.}) 9. Kf2 $5 {is the new wave.} b5 {A worthy reaction by the Serbian
GM Solak.} (9... Nbd7 10. e4 Bg6 11. Be3 $16) (9... c5 10. e4 Bxc3 11. bxc3
Bxe4 12. fxe4 Nxe4+ 13. Kg1 Nxc3 14. Qe1 cxd4 15. Ba3 Nc6 16. Bxf8 Qxf8 17. h4
$16 {after all it is a rook.}) 10. axb5 cxb5 11. Nxb5 Nc6 12. e3 Qb8 13. Ra6 $1
Rc8 14. Qa4 Bf8 15. Bd2 $16 {still black has to prove what he has for the pawn.
}) 8. e4 Bg6 (8... cxd4 $5 9. exf5 Bb4 (9... Nc6 10. Nxc6 bxc6 11. fxe6 fxe6
12. Qe2 $5 dxc3 13. Qxe6+ Qe7 14. Bxc4 Qxe6+ 15. Bxe6 Bb4 16. Ke2 cxb2 17. Bxb2
$16) 10. Bxc4 (10. Be3 $5 {surprised me some years ago.} dxc3 11. Qxd8+ Kxd8
12. O-O-O+ Ke7 13. bxc3 Bxc3 $1 {discovered by people after my loss to Bu
Xiangzhi literally in some days after.} 14. Bc5+ Ke8 15. Nxc4 Nbd7 16. Nd6+ Ke7
$11 17. Ba3 $140 a5) 10... dxc3 (10... Nc6 11. Nxc6 bxc6 12. fxe6 fxe6 13. O-O
$16) (10... Qd6 11. Bb5+ Nc6 12. Bf4 O-O 13. Nxc6 Qxf4 14. Qxd4 Bxc3+ 15. bxc3
$18) 11. Qxd8+ Kxd8 12. Nxf7+ Ke7 (12... Ke8 13. bxc3 Bxc3+ 14. Ke2 Bxa1 15.
fxe6 $44) 13. bxc3 Bxc3+ 14. Ke2 Kxf7 15. fxe6+ Ke8 16. Rb1 Nc6 17. Rxb7 a6 18.
Ba3 Be5 19. Rd1 $44) 9. Be3 cxd4 10. Qxd4 Qxd4 11. Bxd4 Nfd7 12. Nxd7 Nxd7 13.
Bxc4 Rc8 $5 {Until this game I have always thought this move is weak due to
the fact that it forces an unfavorable minor piece exchange for Black under
the circumstances.} ({The whole line was reconstructed by a bunch of games
between topalov and Anand in the title match.} 13... a6 14. Rc1 Rg8 (14... Rc8
$6 15. Ne2 $1 {is the big time idea.}) 15. h4 h6 (15... h5 $5 16. Ne2 Bd6 17.
Be3 $14) 16. Kf2 $5 $14) 14. Bb5 a6 15. Bxd7+ Kxd7 16. Ke2 f6 17. Rhd1 Ke8 18.
Rac1 (18. a5 $5 Be7 19. Bb6 Rf8 20. Rac1 f5 21. e5 $14) (18. Bb6 Be7 $1 (18...
Bc5 $2 19. Bxc5 Rxc5 20. Rac1 Rc6 21. Rd4 Ke7 22. Rb4 Rb8 23. Nd5+ Kd6 24.
Rxc6+ Kxc6 25. Rb6+ Kd7 26. Nb4 $18) 19. Rd2 Bd8 20. Rxd8+ Rxd8 21. Bxd8 Kxd8
22. a5 Be8 $11) 18... Be7 19. Bb6 Rf8 {The position is full of tricks.} (19...
Rc6 $6 20. a5 Rf8 (20... Bd6 $2 21. Nb5) 21. Na4 $16) 20. Na2 $2 {This move
quite easily got parried by my opponent who just finished his military service
just before the tournament.} (20. a5 f5 21. e5 Bg5 22. Be3 f4 23. Nb5 Rxc1 24.
Nd6+ Kd7 25. Bxc1 Kc6 26. Rd4 Kc5 27. Rc4+ Kd5 28. b3 Kxe5 29. Bb2+ Kd5 30.
Bxg7 Rg8 31. Rd4+ Kc6 32. Be5) 20... Rxc1 21. Nxc1 e5 $1 22. Nd3 (22. Nb3 f5
23. Nd2 Rf6 24. Bc7 Re6 25. exf5 Bxf5 26. Ne4 Bxe4 27. fxe4 Bc5 28. Rd8+ Kf7
29. Rd7+ Re7 $1 ({There is nothing wrong with} 29... Kg6 $5 {but}) 30. Rxe7+
Kxe7 31. Bxe5 g6 32. Kd3 Ke6 $11 {is just a draw.}) 22... f5 $1 23. Nxe5 (23.
exf5 Rxf5 24. Rc1 (24. Bc5 $4 e4 $19) 24... Rg5 $1 {The most active defence.} (
24... Rf6 $2 25. Rc8+ Kd7 26. Rc7+ Ke6 27. Be3 $18) (24... Bd6 25. Bc7 $16) 25.
Rc8+ Kd7 26. Rc7+ Ke8 27. g3 e4 28. Nf4 Bd6 29. Rxb7 Bxf4 30. gxf4 Rg2+ 31. Ke3
exf3 32. Kxf3 Rxb2 $11) (23. Nf2 Rf6 24. Bc7 Re6 25. exf5 Bxf5 26. Ne4 Bxe4 27.
fxe4 Bc5 28. Rd8+ Kf7 29. Rd7+ Re7 30. Rxe7+ Kxe7 31. Bxe5 g6 $11 {is what we
already acknowledged.}) 23... fxe4 24. Nxg6 (24. Rc1 $2 exf3+ 25. gxf3 Bf5 $17)
24... exf3+ 25. gxf3 hxg6 $11 {It is sad to sit behind such positions with
White. The Slav became such a weapon for the people with knowledge I really do
not know what to do.} 26. Rd3 Rf4 27. b3 Bf6 28. Bc7 Rf5 29. Bg3 (29. Rd6 Re5+)
({I doubt if} 29. b4 $5 {brings anything concrete.}) 29... b5 $1 30. axb5 Rxb5
(30... axb5 31. Ke3) 31. Rd6 Rxb3 {The end of my drawn games in this
tournament.} (31... Rxb3 32. Rxa6 $11) (31... a5 32. Be1 Re5+ 33. Kf1 Re3 34.
Kf2 Rxb3 35. Bxa5 $11) 1/2-1/2

[Event "Augsburg"]
[Site "Augsburg"]
[Date "2005.01.06"]
[Round "11"]
[White "Atalik, Suat"]
[Black "Pitl, Gregory"]
[Result "1-0"]
[WhiteElo "2541"]
[BlackElo "2305"]
[Annotator "Atalik,S"]
[PlyCount "75"]
[EventDate "2004.12.27"]
[EventType "tourn"]
[EventRounds "11"]
[EventCountry "GER"]
[EventCategory "8"]
[SourceTitle "CBM 104 Extra"]
[Source "ChessBase"]
[SourceDate "2005.03.01"]
[SourceVersion "1"]
[SourceVersionDate "2005.03.01"]
[SourceQuality "1"]

1. d4 d5 2. c4 c6 3. Nf3 Nf6 4. Nc3 dxc4 5. a4 Bf5 6. Ne5 Nbd7 7. Nxc4 Nd5 {
One of many Morozevich's Systems in the Slav. Before this game I have taken a
look in all these systems after white's 6.Ne5, but I have simply forgotten
about this one. After some half an hour of reflection I came up with something
new.} 8. Nxd5 {People followed this move with a wrong idea.} (8. f3 {should
provide white with some advantage.} e5 9. e4 Nxc3 10. bxc3 Be6 11. Rb1 exd4 $5
(11... Qc7 12. Be3 Rd8 13. Qc2 Be7 14. Be2 f6 15. O-O b6 16. Rbd1 Bf7 17. f4 $1
$16 {was Gelfand-Morozevich,Calvia(ol)2004 which was finally won by black but
not because of the opening.}) 12. cxd4 Nb6 13. d5 cxd5 14. Nxb6 axb6 15. Bb5+
Bd7 16. Qxd5 Bc5 17. Qe5+ (17. Bg5 Qc7) 17... Kf8 18. Be3 $1 (18. Bb2 f6 $132)
18... Bxb5 (18... Qe7 19. Bxc5 bxc5 20. Qc3 Bxb5 21. Rxb5 Rxa4 22. Rxc5 $16) (
18... Bxe3 19. Rd1 Qe8 (19... Qh4+ 20. g3 Bf4 21. gxh4 Bxe5 22. Rxd7 $16) 20.
Qd6+ Kg8 21. Qxd7 $16) 19. Bxc5+ bxc5 20. Qxc5+ Kg8 21. Rxb5 Rxa4 22. O-O g6
23. Rxb7 Kg7 24. Qc3+ Qd4+ 25. Qxd4+ Rxd4 26. Ra1 g5 (26... Rd6 27. Raa7 Rf8
28. Re7 Kg8 29. h4 $18) 27. Raa7 Rf8 28. e5 Kg6 29. Ra6+ $18) (8. g3 e5 9. Bg2
exd4 10. Qxd4 Qf6 11. Qxf6 N7xf6 12. Nxd5 cxd5 13. Ne3 Bb4+ 14. Bd2 Bxd2+ 15.
Kxd2 Be4 16. f3 Bg6 17. Rac1 Kd7 $14) 8... cxd5 9. Ne3 Be6 10. g4 $1 $146 {
Only this.} (10. g3 $6 {is simply too tame so it does not challenge Nf6's
position.}) 10... Nf6 {Gregory played this a little bit too quick. In my
opinion the knight belongs to c6.} (10... g6 $6 11. Bg2 Nb8 12. f4 Bg7 13. f5
$40) (10... Nb8 $142 $1 11. Bg2 (11. Bd2 Bd7 12. h4 e6 $132) 11... Nc6 12. Bd2
g6 $1 (12... Nxd4 13. Bc3 Nc6 14. Bxd5 Bxd5 15. Qxd5 Qxd5 16. Nxd5 O-O-O 17.
O-O-O e6 18. Nf4 $14) 13. Bc3 Bg7 14. Qb3 Qd7 (14... Nxd4 15. Qxb7) 15. Rd1 Rd8
16. h4 $13) 11. g5 Ne4 (11... Ng4 $2 12. Ng2 Qd6 13. Qb3 $18) 12. Bg2 Qd7 (
12... f5 $5 {looks ugly but on the other hand is a logical one.} 13. Qb3 (13.
Bxe4 dxe4 14. d5 Bd7 15. Qb3 Qb6 16. Qxb6 axb6 17. Nc4 Ra6 $11) 13... Qa5+ 14.
Kf1 O-O-O 15. Ng4 $5 $40) (12... Qa5+ $2 13. Bd2 Qxd2+ 14. Qxd2 Nxd2 15. Kxd2
g6 (15... h6 16. h4 g6 17. Rac1 Bg7 18. Kd3 hxg5 19. hxg5 Rxh1 20. Bxh1 $18)
16. Rac1 Bg7 17. Kd3 $16) (12... Nxg5 13. Qb3 Ne4 14. Bxe4 (14. Qxb7 f5 $132)
14... dxe4 15. Qxb7 f5 16. Bd2 $14) 13. Bxe4 dxe4 14. d5 Bf5 {Black had a
trickier alternative.} (14... Bh3 15. Qd4 e6 16. Qxe4 (16. Bd2 exd5 17. Bc3 Be6
18. O-O-O Qc6 19. Kb1 $44) 16... Rd8 (16... Bc5 $6 17. dxe6 Bxe6 18. b4 Be7 19.
O-O O-O (19... Bxg5 20. Rd1 Qc6 21. Nd5 O-O-O 22. Bxg5 Rxd5 23. Rxd5 Bxd5 24.
Qf4 Qg6 25. Rc1+ Bc6 26. Qg4+ f5 27. Qg3 h6 28. Bf4 Qxg3+ 29. Bxg3 Kd7 30. b5
Bd5 31. Rc7+ Ke6 32. Rxg7 Rc8 33. f3 $16) 20. Rd1 Qc7 21. Nd5 Bxd5 22. Rxd5 $14
) 17. Qd4 $1 (17. dxe6 fxe6 $44) (17. Bd2 $6 Be7 18. Bc3 exd5 19. Qd4 f6 20.
O-O-O Be6 $15) 17... exd5 18. Rg1 $1 Be6 (18... Qd6 19. Rg3 Qb4+ 20. Qxb4 Bxb4+
21. Bd2 Bxd2+ 22. Kxd2 $16) 19. Bd2 Qc7 20. Rg3 $16) 15. Qd4 $6 {I had a much
better move.} (15. Nxf5 Qxf5 16. a5 $1 {This one I have missed!} (16. Be3 e6) (
16. Qd4 $6 Rd8 17. Qxa7 Qxd5 18. O-O e6 $15) 16... Rd8 (16... O-O-O $2 17. a6
$1 Qxd5 (17... b6 $2 18. Qc2+ Kb8 19. Qc6 $18) 18. axb7+ Qxb7 19. Qc2+ Kb8 20.
Be3 a6 21. Qc4 e6 22. O-O $16) 17. Qa4+ Qd7 18. Qxe4 (18. Be3 Qxa4 19. Rxa4
Rxd5 20. a6 Rb5 21. axb7 Rxb7 22. Rxa7 Rxb2 23. Ra8+ Kd7 24. O-O Ke6 25. Rc1 f6
$17) 18... Qxd5 (18... Qb5 19. Be3 Rxd5 20. O-O e6 21. Rfd1 Rxd1+ (21... Be7
22. Rxd5 exd5 23. Qe5 Qxe2 24. Qxd5 Qg4+ 25. Kh1 Qd7 26. Rd1 Qxd5+ 27. Rxd5 a6
28. Rd3 Bb4 29. Rb3 Bxa5 30. Rxb7 $18) 22. Rxd1 Be7 23. Qd3 Qxd3 24. Rxd3 b6
25. axb6 axb6 26. Rb3 $18) 19. Qa4+ Rd7 20. O-O h6 21. g6 (21. Be3 Qc6 22. Qg4
hxg5 23. Rac1 Rh4 24. Qxg5 Rc4 25. b3 Rc2) 21... fxg6 22. Be3 $16) 15... e6 $6
{Very risky play.} (15... Bg6 16. Bd2 h6 (16... f6 17. Bc3 Kf7 18. h4 h5) 17.
gxh6 Rxh6 18. Bc3 (18. Nc4 Rh4 $1 (18... Rh5 19. Ne5 Qd6 20. Bf4 $40) 19. Ne5
e3 20. Nxd7 Rxd4 21. Bxe3 Rxd5 22. Nxf8 Kxf8 $11) 18... e6 19. dxe6 Qxe6 20.
Rd1 Rh5 $13) 16. Nxf5 exf5 17. Bf4 $6 {I had to consume some time before going
into this line.} (17. Be3 $142 $1 Qd6 18. O-O-O Rg8 19. f3 Qc7+ 20. Kb1 Bd6 21.
fxe4 f4 22. e5 $1 Bxe5 23. Qe4 fxe3 24. d6 Qd7 25. Qxe5+ Qe6 26. Qb5+ Qd7 27.
Qc5 $18) (17. Qe5+ Be7 18. Bf4 O-O 19. d6 Bd8 20. Qb5 (20. a5 Rc8 $132) 20...
Qe6 21. Rd1 (21. O-O Bxg5 $1) 21... Rc8 $132) 17... Bd6 $8 18. Qxg7 O-O-O 19.
Bxd6 Qxd6 20. Qxf7 $1 {I have understood that unless I would have gone for the
liquidation things won't be that easy.} (20. Rd1 Kb8 (20... Qg6 $2 21. Qe5) 21.
Qxf7 e3 22. O-O Qf4 $132) (20. O-O-O Kb8 (20... Qg6 $2 21. Qe5 $1 Rhe8 22. Qf4
Rd6 23. Kb1 Red8 24. h4 f6 25. Rc1+ Kb8 26. Rc5 $18) 21. Qxf7 Qc5+ 22. Kb1 Qxf2
23. d6 Qxe2 24. Qxf5 Rc8 25. Ka1 Qc4 26. Qb5 Rhd8 27. d7 Rc7 28. Qxc4 Rxc4 29.
b3 Rc5 30. h4 Kc7 31. Rhe1 Re5 $44) 20... Kb8 $5 {Gregory did not follow this
up with the right idea.} (20... Qxd5 21. Rc1+ $1 (21. Qxd5 Rxd5 22. Rd1 Rc5 23.
Kd2 f4 24. Rhg1 Rf8 (24... Rd8+ 25. Ke1 Rxd1+ 26. Kxd1) 25. h4 Kc7 26. Rg4 $13)
21... Kb8 22. Qxd5 Rxd5 23. h4 b5 (23... Rhd8 24. Rh3 Rd2 25. Rb3) (23... f4
24. Rg1 Rf8 25. Rg4 Rd4 26. h5 Rxa4 27. g6 hxg6 28. hxg6 a6 29. g7 Rg8 30. e3
f3 31. Kd2 Ra5 32. Rh1 Rd5+ 33. Kc2 Rdd8 34. Rh7 Rde8 35. Rf4 Ka7 36. Rf7 Kb6
37. Kc3 Ka7 38. Kd4 $18) 24. Rh3 bxa4 25. Ra3 Rb5 26. Rc2 Rb4 27. Rac3 Rd8 28.
Rc4 Rb3 29. e3 Rd7 30. Rxa4 $18) 21. Qxf5 Qb4+ $6 {This was a sweet surprise.}
(21... e3 $1 22. O-O exf2+ (22... Rhf8 23. Qe6) 23. Rxf2 Rhf8 24. Qe6 Qc5 25.
Qe5+ Ka8 26. e3 Rfe8 27. Qf4 (27. Qd4 Qxd4 28. exd4 Rxd5 29. Raf1 (29. Rf7
Rxg5+ 30. Kf2 Rh5 31. Re1 Rb8 $132) 29... Rxg5+ 30. Kh1 $16) 27... Rxd5 28. h4
Rde5 29. Ra3 $16) 22. Kf1 Qd4 $1 {Creating some nasty counterplay.} (22... Qxb2
23. Kg2 Qxe2 24. Rhe1 Qh5 25. Ra3 (25. Rxe4 Rhf8 26. Qg4 Qf7 27. Qg3+ Ka8 28.
Rd1 Rxd5 29. Rxd5 Qxd5 30. Qe5 Qf7 31. Qf6 Qg8 32. Qe7 $16) 25... Rhf8 26. Rh3
Rxf5 27. Rxh5 Rdxd5 28. h4 $18) 23. Kg2 $1 Rhf8 24. Rad1 (24. Rhd1 Qxb2 25.
Qxe4 Rde8 26. Rab1 Qxe2 27. Qxe2 Rxe2 28. Rf1 Rf5 29. h4 Re4 30. Kg3 $18 {
should have also won the game.}) 24... Qxb2 (24... Rxf5 25. Rxd4 Rxg5+ 26. Kh3
Rdg8 27. Rxe4 $18) 25. Qxe4 Rde8 26. Qd4 $3 $18 {I have already seen that in
the resulting endgame my majesty would like to have a walk to h6 square.} (26.
Rb1 $6 Qd2 27. Qd3 Rxe2 28. Qxd2 Rfxf2+ (28... Rxd2 29. Rhf1 Rxd5 30. Rb5 Rd4
31. a5 $16) 29. Kg3 Rxd2 $16) (26. Qg4 Rxe2 27. Qg3+ Ka8 28. Rhf1 Qb4 29. d6
$18) 26... Rxe2 ({Somewhere around this position I thought that I have
blundered into a draw...} 26... Rxf2+ 27. Qxf2 Rxe2 28. Rhf1 Qe5 $1 {All of a
sudden I have got worried with the possibility of a perpetual check.} 29. h4 $1
Qe4+ 30. Kg3 Rxf2 31. Rxf2 Qe3+ 32. Rf3 Qe5+ 33. Kh3 $18 {and no checks are
allowed.}) 27. Qxb2 Rfxf2+ 28. Kg3 Rxb2 (28... Rg2+ 29. Kh4 Rxb2 30. h3 $1 $18
{would have led to similar positions to the game.}) 29. h4 Kc7 (29... Rg2+ 30.
Kh3 Kc7 31. Rdf1 Rgf2 32. h5 Kd6 33. Rxf2 Rxf2 34. Rd1 b6 35. g6 hxg6 36. hxg6
Rf6 37. Rg1 Rf8 38. Rg5 a6 39. Kg4 b5 40. axb5 axb5 41. g7 Rg8 42. Kh5 Rxg7 (
42... b4 43. Kg6 b3 44. Kf7 b2 45. Rg1 Rb8 46. g8=Q Rxg8 47. Kxg8 $18) 43. Rxg7
Kxd5 44. Kg4 b4 45. Rb7 Kc4 46. Kf4 b3 47. Ke3 Kc3 48. Rc7+ Kb2 49. Kd2 Kb1 50.
Kc3 b2 51. Rb7 Ka1 52. Kc2 $18) 30. Kg4 (30. Rdf1 Rg2+ 31. Kh3 $18 {would have
transposed into the note above.}) 30... Rb4+ 31. Kh5 Rxa4 (31... Rff4 {GM Ian
Rogers suggested this defence on the 4th rank.} 32. a5 $1 (32. Rdf1 Rxa4 33.
Rxf4 Rxf4 34. Kh6 Rf7 35. h5 Kd6 36. g6 hxg6 37. hxg6 (37. Kxg6 Rf8 38. h6 Kxd5
39. h7 b5 40. Kg7 Rb8 41. h8=Q Rxh8 42. Rxh8 a5 $11) 37... Rf2 38. Rh5 Rg2 39.
g7 (39. Rg5 Rh2+ 40. Kg7 b5 41. Kg8 Rc2 $11) 39... Rxg7 40. Kxg7 b5 41. Kf6 b4
$11 {is one of the peculiar draws.}) 32... Kd6 33. Rdf1 Kxd5 34. Rxf4 Rxf4 35.
Kh6 Rf7 36. h5 b5 37. g6 hxg6 38. hxg6 Rf8 (38... Rf2 39. g7 Rg2 40. Rh5+ Ke6
41. Kh7 $1 $18) 39. g7 Re8 40. Kg6 Rg8 41. Rh8 $18) 32. d6+ (32. Rdf1 $2 Rff4
33. Rxf4 Rxf4 34. Kh6 Rf7 35. h5 Kd6 36. g6 hxg6 37. hxg6 Rf2 38. g7 Rg2 39.
Rh5 Rxg7 40. Kxg7 b5 $11 {is the same funny draw.}) 32... Kd7 33. Kh6 Rf7 34.
h5 $18 {Only now I have become certain, that I can not blow this position up!}
Re4 $1 {Played once again very quickly by Gregory.} (34... Raf4 35. Rhe1 Rh4
36. Re7+ Rxe7 37. dxe7+ Kxe7 38. Rb1 b6 39. Ra1 a5 40. Rb1 a4 (40... Rb4 41.
Re1+ Kf8 42. Kxh7 $18) 41. Rxb6 a3 42. Ra6 Rh3 43. Ra7+ $18) (34... Rg4 35.
Rhf1 Rxf1 36. Rxf1 Kxd6 37. Rf7 $18) 35. g6 $1 hxg6 36. hxg6 Rf6 (36... Re6 37.
Rhe1 Rxe1 38. Rxe1 Rf2 39. Rg1 (39. Re7+ $2 Kxd6 40. Rxb7 Rh2+ 41. Kg7 a5 42.
Ra7 Ra2 43. Kh8 Rh2+ 44. Kg8 Ra2 45. g7 Kc5 46. Kf8 Rf2+ 47. Rf7 Rg2 48. g8=Q
Rxg8+ 49. Kxg8 a4 $11) (39. Rd1 Rh2+ 40. Kg7 a5 41. Rd5 a4 42. Ra5 b5) 39...
Rh2+ 40. Kg5 Rh8 41. g7 Rg8 42. Kf6 Kxd6 43. Kf7 Rxg7+ (43... Rb8 44. g8=Q Rxg8
45. Rxg8 b5 46. Kf6 Kc5 (46... a5 47. Rg5) 47. Ke5 a5 48. Rc8+ Kb4 49. Kd4 a4
50. Kd3 Kb3 51. Kd2 Kb2 52. Rb8 a3 53. Rxb5+ Ka1 54. Kc3 a2 55. Kb3 Kb1 56.
Ka3+ Ka1 57. Rh5 $18) 44. Rxg7 b5 (44... a5 45. Kf6) 45. Kf6 a5 (45... b4 46.
Rb7 a5 47. Rb5 $18) 46. Rg5 Kc6 47. Ke5 Kc5 48. Ke4+ Kc4 49. Ke3 a4 50. Kd2 $18
) (36... Rf2 37. g7 Rg4 38. Rdg1 Rfg2 39. Rxg2 Rxg2 40. Rh5 Rxg7 41. Kxg7 Kxd6
42. Kf6 b6 43. Kf5 Kd5 44. Rh6 Kd4 45. Kf4 b5 46. Rd6+ Kc3 47. Ke3 a5 48. Rc6+
Kb2 49. Rc5 b4 50. Rxa5 b3 51. Kd2 $18) 37. Kg5 $1 {Now finally Rh1 has some
effect in the game.} Ree6 (37... Ref4 38. Rh7+ Kd8 39. Rd5 $1 $18) 38. Rh7+ $1
{The end of an interesting game.} (38. Rh7+ $1 Kd8 (38... Kc6 39. g7 Rg6+ 40.
Kh5 Rg2 41. d7 $18) 39. g7 (39. Rg7 Rf2 (39... Rxd6 40. Rxd6+ Rxd6 41. Rxb7 a5
42. g7 $18) 40. Rh1 Re5+ 41. Kg4 Re4+ 42. Kg3 Ref4 43. Rh8+ $18) 39... Rg6+ 40.
Kh5 Rg2 41. d7 $18) 1-0